<?xml version="1.0" encoding="UTF-8"?><?xml-stylesheet type="text/xsl" href="static/style.xsl"?><OAI-PMH xmlns="http://www.openarchives.org/OAI/2.0/" xmlns:xsi="http://www.w3.org/2001/XMLSchema-instance" xsi:schemaLocation="http://www.openarchives.org/OAI/2.0/ http://www.openarchives.org/OAI/2.0/OAI-PMH.xsd"><responseDate>2026-06-02T21:35:43Z</responseDate><request verb="GetRecord" identifier="oai:riuma.uma.es:10630/32401" metadataPrefix="marc">https://riuma.uma.es/rest/oai/request</request><GetRecord><record><header><identifier>oai:riuma.uma.es:10630/32401</identifier><datestamp>2026-02-03T11:31:01Z</datestamp><setSpec>com_10630_2254</setSpec><setSpec>col_10630_37953</setSpec></header><metadata><record xmlns="http://www.loc.gov/MARC21/slim" xmlns:dcterms="http://purl.org/dc/terms/" xmlns:doc="http://www.lyncode.com/xoai" xmlns:xsi="http://www.w3.org/2001/XMLSchema-instance" xsi:schemaLocation="http://www.loc.gov/MARC21/slim http://www.loc.gov/standards/marcxml/schema/MARC21slim.xsd">
   <leader>00925njm 22002777a 4500</leader>
   <datafield ind2=" " ind1=" " tag="042">
      <subfield code="a">dc</subfield>
   </datafield>
   <datafield ind2=" " ind1=" " tag="720">
      <subfield code="a">Jurado-Caraballo, María Ángeles</subfield>
      <subfield code="e">author</subfield>
   </datafield>
   <datafield ind2=" " ind1=" " tag="720">
      <subfield code="a">Rodríguez-Fernández, María Mercedes</subfield>
      <subfield code="e">author</subfield>
   </datafield>
   <datafield ind2=" " ind1=" " tag="260">
      <subfield code="c">2021</subfield>
   </datafield>
   <datafield ind2=" " ind1=" " tag="520">
      <subfield code="a">Purpose: In this theoretical-empirical study, we analyse work methodologies of Spanish Religious Orders, and their&#xd;
relationship with productivity, efficacy and efficiency.&#xd;
Design/methodology/approach: In the literature review we have compiled all the applicable theories. Amongst&#xd;
them, Management by Values stands out and has served as the framework for the hypotheses. To test the latter, we&#xd;
have obtained data from face-to-face surveys, obtaining 112 valid answers. Ordinary Least Squares and Logit&#xd;
Model have been proposed.&#xd;
Findings: A greater compromise of the individual with the organization generated greater values of productivity,&#xd;
and its higher value in the case of the female Orders when compared to the male Orders.&#xd;
Research limitations: The conclusions presented here only refer to the data of religious organizations of M alaga&#xd;
(Spain) that have been analysed. Future research should consider the changes brought about by the possible&#xd;
merger of the different Orders and the analysis of the social work of the Church through its non-profit organizations (C aritas or Manos Unidas).&#xd;
Practical implications: This study can be translatable to profit-seeking organizations. If work methodology and&#xd;
coordinating tasks are appropriate for religious organizations, then they should also be beneficial for-profit&#xd;
companies.&#xd;
Originality/value: Management by Values occupies an essential place in the direction and coordination of daily&#xd;
tasks and the life of religious communities. Their levels of productivity, efficacy and efficiency are a result of the&#xd;
strong link that joins the members to the aim of the organization.</subfield>
   </datafield>
   <datafield ind1="8" ind2=" " tag="024">
      <subfield code="a">Jurado-Caraballo, M. Á., &amp; Rodríguez-Fernández, M. (2021). Productivity in religious orders: A management by values applied approach. Heliyon, 7(3).</subfield>
   </datafield>
   <datafield ind1="8" ind2=" " tag="024">
      <subfield code="a">https://hdl.handle.net/10630/32401</subfield>
   </datafield>
   <datafield ind1="8" ind2=" " tag="024">
      <subfield code="a">10.1016/j.heliyon.2021.e06584</subfield>
   </datafield>
   <datafield tag="653" ind2=" " ind1=" ">
      <subfield code="a">Órdenes y congregaciones religiosas - Gestión</subfield>
   </datafield>
   <datafield tag="653" ind2=" " ind1=" ">
      <subfield code="a">Valores (Filosofía) - Trabajo</subfield>
   </datafield>
   <datafield ind2="0" ind1="0" tag="245">
      <subfield code="a">Productivity in religious orders: a management by values applied approach.</subfield>
   </datafield>
</record>
</metadata></record></GetRecord></OAI-PMH>